The effects of stress management interventions among police officers and recruits
| Authors: | ; ; |
|---|---|
| Format: | Electronic Article |
| Language: | English |
| Published: |
2012
|
| In: |
Campbell Systematic Reviews
Year: 2012, Volume: 8, Issue: 1, Pages: 3-53 |
| Online Access: |
Volltext (Resolving-System) Volltext (Resolving-System) Volltext (kostenfrei) |
| Check availability: | HBZ Gateway |
| Keywords: |
MARC
| LEADER | 00000caa a2200000 c 4500 | ||
|---|---|---|---|
| 001 | 155085349X | ||
| 003 | DE-627 | ||
| 005 | 20211208125854.0 | ||
| 007 | cr uuu---uuuuu | ||
| 008 | 161212s2012 xx |||||o 00| ||eng c | ||
| 024 | 7 | |a urn:nbn:de:bsz:21-dspace-646883 |2 urn | |
| 024 | 7 | |a 10.15496/publikation-6110 |2 doi | |
| 024 | 7 | |a 10900/64688 |2 hdl | |
| 035 | |a (DE-627)155085349X | ||
| 035 | |a (DE-576)480853495 | ||
| 035 | |a (DE-599)BSZ480853495 | ||
| 040 | |a DE-627 |b ger |c DE-627 |e rda | ||
| 041 | |a eng | ||
| 082 | 0 | 4 | |a 360 |a 340 |
| 084 | |a 2,1 |2 ssgn | ||
| 100 | 1 | |a Patterson, George T. |e VerfasserIn |4 aut | |
| 109 | |a Patterson, George T. | ||
| 245 | 1 | 4 | |a The effects of stress management interventions among police officers and recruits |c George T. Patterson, Irene W. Chung, Philip G. Swan |
| 264 | 1 | |c 2012 | |
| 336 | |a Text |b txt |2 rdacontent | ||
| 337 | |a Computermedien |b c |2 rdamedia | ||
| 338 | |a Online-Ressource |b cr |2 rdacarrier | ||
| 650 | 0 | 7 | |0 (DE-588)4046595-0 |0 (DE-627)106197525 |0 (DE-576)209070196 |a Polizei |2 gnd |
| 650 | 0 | 7 | |0 (DE-588)4202646-5 |0 (DE-627)105156973 |0 (DE-576)210150076 |a Stressbewältigung |2 gnd |
| 650 | 0 | 7 | |0 (DE-588)4135253-1 |0 (DE-627)104451092 |0 (DE-576)209659211 |a Polizeibeamter |2 gnd |
| 650 | 0 | 7 | |0 (DE-588)4162156-6 |0 (DE-627)105464597 |0 (DE-576)209871466 |a Intervention |2 gnd |
| 700 | 1 | |a Chung, Irene W. |e VerfasserIn |0 (DE-588)1038537460 |0 (DE-627)766134482 |0 (DE-576)392603756 |4 aut | |
| 700 | 1 | |a Swan, Philip G. |e VerfasserIn |4 aut | |
| 773 | 0 | 8 | |i Enthalten in |a Campbell Collaboration |t Campbell Systematic Reviews |d Oslo : [Verlag nicht ermittelbar], 2004 |g 8(2012), 1, Artikel-ID 7, Seite 3-53 |h Online-Ressource |w (DE-627)781568064 |w (DE-600)2762761-5 |w (DE-576)403258073 |x 1891-1803 |7 nnas |
| 773 | 1 | 8 | |g volume:8 |g year:2012 |g number:1 |g elocationid:7 |g pages:3-53 |
| 856 | 4 | 0 | |u http://nbn-resolving.de/urn:nbn:de:bsz:21-dspace-646883 |q application/pdf |x Resolving-System |z kostenfrei |3 Volltext |7 0 |
| 856 | 4 | 0 | |u http://dx.doi.org/10.15496/publikation-6110 |x Resolving-System |3 Volltext |7 1 |
| 856 | 4 | 0 | |u http://hdl.handle.net/10900/64688 |x Resolving-System |3 Volltext |7 1 |
| 951 | |a AR | ||
| ELC | |a 1 | ||
| LOK | |0 000 xxxxxcx a22 zn 4500 | ||
| LOK | |0 001 2947898990 | ||
| LOK | |0 003 DE-627 | ||
| LOK | |0 004 155085349X | ||
| LOK | |0 005 20161212113941 | ||
| LOK | |0 008 161212||||||||||||||||ger||||||| | ||
| LOK | |0 040 |a DE-21 |c DE-627 |d DE-21 | ||
| LOK | |0 852 |z Download, Universitätsbibliothek Tübingen, 2015 | ||
| LOK | |0 852 |a DE-21 | ||
| LOK | |0 852 1 |9 00 | ||
| LOK | |0 935 |a opus |a krim | ||
| LOK | |0 939 |a 12-12-16 |b l01 | ||
| OAS | |a 1 | ||
| ORI | |a SA-MARC-krimdoka001.raw | ||
